|
000
|
01138nam 2200277 450
|
|
001
|
012023000139
|
|
005
|
20191017141153.1
|
|
010
|
|
@a978-7-5429-6274-4@dCNY42.00
|
|
100
|
|
@a20191015d2019 em y0chiy50 ea
|
|
101
|
0
|
@achi
|
|
102
|
|
@aCN@b310000
|
|
105
|
|
@aak z 000yy
|
|
106
|
|
@ar
|
|
200
|
1
|
@a小企业财务会计@Axiao qi ye cai wu kuai ji@f主编李敏, 李杰
|
|
205
|
|
@a第2版
|
|
210
|
|
@a上海@c立信会计出版社@d2019.8
|
|
215
|
|
@a273页@c图@d26cm
|
|
225
|
2
|
@a上海市高职院校一流专业建设“会计”系列教材@Ashang hai shi gao zhi yuan xiao yi liu zhuan ye jian she “kuai ji ”xi lie jiao cai
|
|
330
|
|
@a《小企业财务会计》系 “上海市高职院校一流专业建设会计系列教材”中的一本。主要阐述小企业财务会计的基础理论、基本知识和财务会计的基本方法。本书最大的特点是: 理论由钱入深, 举例针对性强。具有可操作性。
|
|
410
|
0
|
@12001 @a上海市高职院校一流专业建设“会计”系列教材
|
|
606
|
0
|
@a中小企业@Azhong xiao qi ye@x财务会计@x高等职业教育@j教材
|
|
690
|
|
@aF276.3@v5
|
|
701
|
0
|
@a李敏@Ali min@4主编
|
|
701
|
0
|
@a李杰@Ali jie@4主编
|
|
801
|
0
|
@aCN@bCDNYKJZYXY@c20191015
|
|
905
|
|
@aCDNYKJZYXY@b300695298-300@dF276.3@e141@f3
|
|
|
|
|
| |
| 小企业财务会计/主编李敏, 李杰.-第2版.-上海:立信会计出版社,2019.8 |
| 273页:图;26cm.-(上海市高职院校一流专业建设“会计”系列教材) |
| |
| |
| ISBN 978-7-5429-6274-4:CNY42.00 |
| 《小企业财务会计》系 “上海市高职院校一流专业建设会计系列教材”中的一本。主要阐述小企业财务会计的基础理论、基本知识和财务会计的基本方法。本书最大的特点是: 理论由钱入深, 举例针对性强。具有可操作性。 |
| ● |
正题名:小企业财务会计
索取号:F276.3/141
 
预约/预借
| 序号
|
登录号
|
条形码
|
馆藏地/架位号
|
状态
|
备注
|
|
1
|
695298
|
300695298
|
柳城-5楼/8架12列2层/
[索取号:F276.3/141]
|
在馆
|
|
|
2
|
695299
|
300695299
|
柳城-5楼/8架12列2层/
[索取号:F276.3/141]
|
在馆
|
|
|
3
|
695300
|
300695300
|
柳城-5楼/8架12列2层/
[索取号:F276.3/141]
|
在馆
|
|